000 01113nam a22003257a 4500
001 000720
003 DO-SdBPM
005 20250702072054.0
007 ta
008 161121b2006 sp a |||| 00| 0 spa d
020 _a8434225247
040 _aDO-SdBPM
_bspa
_cBPMSU
_erda
082 4 _a745.5
_bM378a 2006
_222
100 1 _aMartí i Garbayo, Mònica
_eautor
245 1 0 _aArte :
_bactividades creativas para la educación infantil /
_ctextos y realización de ejercicios, Mónica Martí i Garbayo e Isabel Sanz Muelas.
250 _a3a. ed.
260 _aBarcelona :
_bParramón,
_c2006
300 _a48 páginas . :
_bilustración ;
_c31 cm.
336 _atexto
_btxt
_2rdacontent
337 _asin mediación
_bn
_2rdamedia
338 _avolumen
_bnc
_2rdamedia
490 0 _aManitas artísticas
590 _aInventariado, 2025/VM
650 7 _aTrabajos manuales (Educación)
650 7 _aActividades creativas y trabajo de clase
650 7 _a Materia Arte
_vEnseñanza
700 1 _aSanz Muelas, Isabel
910 _aLOPEREZ /VMateo V. Control de calidad. BPMSU
942 _2ddc
_cBK
999 _c12012
_d12012